Дезинфекция и стерилизация (Запись № 12233149)
[ простой вид ]
| 000 -МАРКЕР | |
|---|---|
| контрольное поле | 01969nam0a2200337 4500 |
| 001 - ИДЕНТИФИКАТОР ЗАПИСИ | |
| контрольное поле | RU\NLR\BIBL_A\011264049 |
| 005 - ИДЕНТИФИКАТОР ВЕРСИИ | |
| контрольное поле | 20260408154934.0 |
| 010 ## - МЕЖДУНАРОДНЫЙ СТАНДАРТНЫЙ НОМЕР КНИГИ (ISBN) | |
| Номер (ISBN) | 978-5-906855-02-2 |
| Тираж | 100 |
| 021 ## - НОМЕР ГОСУДАРСТВЕННОЙ РЕГИСТРАЦИИ | |
| Код страны | Российская Федерация |
| Номер | 2016-82480 |
| Номер Листа государственной регистраци | 5386 |
| 035 ## - ДРУГИЕ СИСТЕМНЫЕ НОМЕРА | |
| Идентификатор записи | (NLR Aleph) 011264049 |
| 100 ## - ДАННЫЕ ОБЩЕЙ ОБРАБОТКИ | |
| Данные общей обработки | 20161109d2016 u y0rusy50 ca |
| 101 0# - ЯЗЫК РЕСУРСА | |
| Язык текста, звукозаписи и т.д. | русский |
| 102 ## - СТРАНА ПУБЛИКАЦИИ ИЛИ ПРОИЗВОДСТВА | |
| Страна публикации | Российская Федерация |
| 105 ## - ПОЛЕ КОДИРОВАННЫХ ДАННЫХ: ТЕКСТОВЫЕ МАТЕРИАЛЫ, МОНОГРАФИЧЕСКИЕ | |
| Кодированные данные о монографическом текстовом документе | a|||j|||000yy |
| 200 1# - ЗАГЛАВИЕ И СВЕДЕНИЯ ОБ ОТВЕТСТВЕННОСТИ | |
| Основное заглавие | Дезинфекция и стерилизация |
| Сведения, относящиеся к заглавию | учебное пособие |
| -- | [для студентов специальностей 31.05.01 "Лечебное дело", 31.05.03 "Стоматология", 33.05.01 "Фармация"] |
| Первые сведения об ответственности | Н.А. Правосудова, В.Л. Мельников, М.И. Морозова |
| Последующие сведения об ответственности | М-во образования и науки РФ, Федер. гос. бюджет. обюразоват. учреждение высш. образования "Пенз. гос. ун-т" (ПГУ) |
| 210 ## - ПУБЛИКАЦИЯ, РАСПРОСТРАНЕНИЕ И ДР. | |
| Место издания, распространения и т.д. | Пенза |
| Имя издателя, распространителя и т. д. | Изд-во ПГУ |
| Дата издания, распространения и т.д. | 2016 |
| 215 ## - ФИЗИЧЕСКАЯ ХАРАКТЕРИСТИКА | |
| Специфическое обозначение материала и объем | 64, [3] с. |
| Другие сведения о физической характеристике | ил. |
| Размеры | 20 |
| 320 ## - ПРИМЕЧАНИЯ О НАЛИЧИИ В ДОКУМЕНТЕ БИБЛИОГРАФИИ / УКАЗАТЕЛЯ | |
| Текст примечания | Библиогр. в конце кн. (11 назв.) |
| 606 1# - НАИМЕНОВАНИЕ ТЕМЫ КАК ПРЕДМЕТ | |
| Наименование темы | Дезинфекция |
| Формальный подзаголовок | Учебные издания для высших учебных заведений |
| Системный номер авторитетной/нормативной записи | 1118533 |
| Идентификатор авторитетной/нормативной записи | RU\NLR\AUTH\66123113 |
| 606 ## - НАИМЕНОВАНИЕ ТЕМЫ КАК ПРЕДМЕТ | |
| Наименование темы | Стерилизация (мед.) |
| Формальный подзаголовок | Учебные издания для высших учебных заведений |
| Идентификатор авторитетной/нормативной записи | RU\NLR\AUTH\66137199 |
| Системный номер авторитетной/нормативной записи | 1143810 |
| 686 1# - ИНДЕКСЫ ДРУГИХ КЛАССИФИКАЦИЙ | |
| Индекс | Р193.94я73 |
| 686 1# - ИНДЕКСЫ ДРУГИХ КЛАССИФИКАЦИЙ | |
| Индекс | Р.с54я73 |
| 700 #1 - ИМЯ ЛИЦА - ПЕРВИЧНАЯ ОТВЕТСТВЕННОСТЬ | |
| Начальный элемент ввода | Правосудова |
| Часть имени, кроме начального элемента ввода | Н. А. |
| Расширение инициалов личного имени | Наталья Александровна |
| 701 #1 - ИМЯ ЛИЦА - АЛЬТЕРНАТИВНАЯ ОТВЕТСТВЕННОСТЬ | |
| Графика поля | Кириллица |
| Материалы, к которым относится поле | rus |
| Начальный элемент ввода | Мельников |
| Часть имени, кроме начального элемента ввода | В. Л. |
| Дополнения к именам, кроме дат | д-р мед. наук |
| Даты | 1965- |
| Расширение инициалов личного имени | Виктор Львович |
| Системный номер авторитетной/нормативной записи | 21499 |
| Идентификатор авторитетной/нормативной записи | RU\NLR\AUTH\7738515 |
| 702 #1 - ИМЯ ЛИЦА - ВТОРИЧНАЯ ОТВЕТСТВЕННОСТЬ | |
| Графика поля | Кириллица |
| Материалы, к которым относится поле | rus |
| Начальный элемент ввода | Морозова |
| Часть имени, кроме начального элемента ввода | М. И. |
| Дополнения к именам, кроме дат | канд. биол. наук |
| Расширение инициалов личного имени | Мария Игоревна |
| Системный номер авторитетной/нормативной записи | 151079 |
| Идентификатор авторитетной/нормативной записи | RU\NLR\AUTH\770151117 |
| 942 ## - ДОПОЛНИТЕЛЬНЫЕ ЭЛЕМЕНТЫ ЗАПИСИ (АБИС) | |
| Тип экземпляра АБИС | Книга |
| 980 ## - КОЛЛЕКЦИЯ | |
| Название коллекции | НБР |
| 980 ## - КОЛЛЕКЦИЯ | |
| Название коллекции | Национальная библиография |
Нет доступных экземпляров.